| 000 | 00619nam a2200205 i 4500 | ||
|---|---|---|---|
| 001 | 44205 | ||
| 003 | ES-MaACL | ||
| 005 | 20251017063046.0 | ||
| 007 | t| | ||
| 008 | 030320s1955 sp ||||1| spa d | ||
| 100 | 1 |
_aCirlot, Juan-Eduardo, _d1916-1973 _938898 |
|
| 245 | 1 | 3 |
_aLa pintura surrealista / _cJuan-Eduardo Cirlot. |
| 260 |
_aBarcelona : _bSeix Barral, _c1955. |
||
| 300 |
_a93 p. : _bil. ; _c18 cm. |
||
| 490 | 1 | _aBiblioteca breve | |
| 650 | 4 |
_aSurrealismo (Arte) _917267 |
|
| 830 | 0 |
_aBiblioteca breve (Seix Barral) _9227188 |
|
| 852 |
_aES-MaACL _j1975-F-12 _bR.38531 |
||
| 999 |
_c44205 _d44205 |
||